Условия образования месторождений (Запись № 13202913)

Подробности
000 -МАРКЕР
контрольное поле 03133nam0a2200361 4500
001 - ИДЕНТИФИКАТОР ЗАПИСИ
контрольное поле RU\NLR\BIBL_A\012807565
005 - ИДЕНТИФИКАТОР ВЕРСИИ
контрольное поле 20220907162249.0
010 ## - МЕЖДУНАРОДНЫЙ СТАНДАРТНЫЙ НОМЕР КНИГИ (ISBN)
Номер (ISBN) 978-5-7513-3195-5
Тираж 50
021 ## - НОМЕР ГОСУДАРСТВЕННОЙ РЕГИСТРАЦИИ
Код страны Российская Федерация
Номер КН-П-22-012393
Номер Листа государственной регистраци КН-П-22-1051
035 ## - ДРУГИЕ СИСТЕМНЫЕ НОМЕРА
Идентификатор записи (NLR Aleph) 012807565
035 ## - ДРУГИЕ СИСТЕМНЫЕ НОМЕРА
Идентификатор записи (RuMoRGB)010995672
100 ## - ДАННЫЕ ОБЩЕЙ ОБРАБОТКИ
Данные общей обработки 20220602d2021 u y0rusy50 ca
101 0# - ЯЗЫК РЕСУРСА
Язык текста, звукозаписи и т.д. русский
102 ## - СТРАНА ПУБЛИКАЦИИ ИЛИ ПРОИЗВОДСТВА
Страна публикации Российская Федерация
105 ## - ПОЛЕ КОДИРОВАННЫХ ДАННЫХ: ТЕКСТОВЫЕ МАТЕРИАЛЫ, МОНОГРАФИЧЕСКИЕ
Кодированные данные о монографическом текстовом документе a j 000zy
181 #0 - ПОЛЕ КОДИРОВАННЫХ ДАННЫХ: ВИД СОДЕРЖАНИЯ
Код вида содержания (ISBD) i
Код характеристики содержания (ISBD) axxe
182 #0 - ПОЛЕ КОДИРОВАННЫХ ДАННЫХ: ТИП СРЕДСТВА
Код типа средства (ISBD) n - непосредственное
200 1# - ЗАГЛАВИЕ И СВЕДЕНИЯ ОБ ОТВЕТСТВЕННОСТИ
Основное заглавие Условия образования месторождений
Сведения, относящиеся к заглавию учебное пособие
-- для студентов геологических и горных специальностей
Первые сведения об ответственности А. Г. Павлов, В. Р. Филиппов
Последующие сведения об ответственности Министерство науки и высшего образования Российской Федерации, Северо-Восточный федеральный университет имени М. К. Аммосова, Геологоразведочный факультет
203 ## - ВИД СОДЕРЖАНИЯ И ТИП СРЕДСТВА
Вид содержания Текст
Дополнительные сведения об издании визуальный
Тип средства непосредственный
210 ## - ПУБЛИКАЦИЯ, РАСПРОСТРАНЕНИЕ И ДР.
Место издания, распространения и т.д. Якутск
Имя издателя, распространителя и т. д. Издательский дом Северо-Восточного федерального университета
Дата издания, распространения и т.д. 2021
215 ## - ФИЗИЧЕСКАЯ ХАРАКТЕРИСТИКА
Специфическое обозначение материала и объем 222 с.
Другие сведения о физической характеристике ил., табл.
Размеры 20
320 ## - ПРИМЕЧАНИЯ О НАЛИЧИИ В ДОКУМЕНТЕ БИБЛИОГРАФИИ / УКАЗАТЕЛЯ
Текст примечания Библиогр.: с. 215-222 (94 назв.)
330 ## - РЕЗЮМЕ ИЛИ РЕФЕРАТ
Текст примечания Учебное пособие охватывает широкий круг вопросов о происхождении месторождений полезных ископаемых. По условиям образования месторождения подразделены на серии. Серии подразделяются на группы, подгруппы. Последние подразделены на классы и типы. Описываются геологические, физико-химические условия образования и формы проявления каждого выделенного генетического типа месторождений. Пособие рассчитано для студентов геологических и горных специальностей и аспирантов, изучающих геологические условия образования месторождений полезных ископаемых
606 ## - НАИМЕНОВАНИЕ ТЕМЫ КАК ПРЕДМЕТ
Наименование темы Полезные ископаемые
Формальный подзаголовок Учебные издания для высших учебных заведений
Тематический подзаголовок Месторождения
-- Происхождение
Системный номер авторитетной/нормативной записи 1374278
Идентификатор авторитетной/нормативной записи RU\NLR\AUTH\66262349
675 ## - УНИВЕРСАЛЬНАЯ ДЕСЯТИЧНАЯ КЛАССИФИКАЦИЯ (UDC/УДК)
Индекс 553.2(075.8)
Издание 4
686 1# - ИНДЕКСЫ ДРУГИХ КЛАССИФИКАЦИЙ
Индекс Д450.00я73
700 #1 - ИМЯ ЛИЦА - ПЕРВИЧНАЯ ОТВЕТСТВЕННОСТЬ
Графика поля Кириллица
Материалы, к которым относится поле rus
Начальный элемент ввода Павлов
Часть имени, кроме начального элемента ввода А. Г.
Дополнения к именам, кроме дат канд. геол.-минерал. наук
Даты 1948-
Расширение инициалов личного имени Алексей Гаврильевич
Системный номер авторитетной/нормативной записи 245915
Идентификатор авторитетной/нормативной записи RU\NLR\AUTH\770245971
701 #1 - ИМЯ ЛИЦА - АЛЬТЕРНАТИВНАЯ ОТВЕТСТВЕННОСТЬ
Графика поля Кириллица
Материалы, к которым относится поле rus
Начальный элемент ввода Филиппов
Часть имени, кроме начального элемента ввода В. Р.
Дополнения к именам, кроме дат инженер-геолог
Даты 1949-
Расширение инициалов личного имени Василий Романович
Системный номер авторитетной/нормативной записи 132069
Идентификатор авторитетной/нормативной записи RU\NLR\AUTH\770132103
942 ## - ДОПОЛНИТЕЛЬНЫЕ ЭЛЕМЕНТЫ ЗАПИСИ (АБИС)
Тип экземпляра АБИС Книга
980 ## - КОЛЛЕКЦИЯ
Название коллекции Национальная библиография
Экземпляры
Тип экземпляра Дата поступления Источник поступления Библиотека постоянного хранения Библиотека текущего хранения Место хранения Шифр хранения Штрих-код Статус экземпляра
Книга 02.06.2022 Обязательный экземпляр РНБ (Московский) РНБ (Московский) Русский книжный фонд: издания с 1957 года 2022-3/14612 1-3839649